| 000 | 01031nam a22002657a 4500 | ||
|---|---|---|---|
| 001 | 9005 | ||
| 003 | FISKH | ||
| 005 | 20251113144450.0 | ||
| 008 | 251113b cb ||||| |||| 00| 0 eng d | ||
| 020 | _a9781842392324 | ||
| 040 |
_aFISKH _beng _cFISKH _dFISKH |
||
| 050 | _aPZ7 | ||
| 082 | _a398.2 | ||
| 100 |
_aAnonymous _eAuthor |
||
| 245 | _aThe three billy goats gruff / | ||
| 260 |
_aLondon : _bAlligator Books limited , _c2004 |
||
| 300 |
_a20 pages : _bcolor illustrations ; _c24 cm |
||
| 505 | _aG | ||
| 520 | _aThe Three Billy Goats Gruff is a classic folktale about three goats who must outsmart a hungry troll guarding a bridge to their pasture. Each goat, from smallest to biggest, bravely crosses, with the biggest one finally teaching the troll a lesson. This retelling keeps the familiar rhythm and charm, perfect for young readers discovering traditional tales. | ||
| 521 | 8 |
_a350
_bLexile estimate |
|
| 521 | 8 |
_aG
_bRaz-Plus |
|
| 650 |
_aChildren's book _vGoats |
||
| 942 |
_2ddc _cBK _n0 |
||
| 999 |
_c9005 _d9005 |
||